France, Italy, Germany or Spain? - Statistics

General Stats
  • This quiz has been taken 85 times
  • The average score is 12 of 15
Answer Stats
Question Answer % Correct
Has the only two active volcanoes in Europe Italy
100%
Is still under a monarchy Spain
100%
Has an higher GDP Germany
93%
Has a larger area France
87%
Has lands in every continent France
87%
Has the most tourists France
87%
Borders with Brazil France
87%
Has the only desert in Europe Spain
87%
Has the most Nobel Prizes winners Germany
80%
Has a longer coastline Italy
80%
The inventor of jeans, Levi Strauss, was born there Germany
67%
Has the most UNESCO Heritage Sites Italy
67%
Has less World Cups Spain
53%
Has more immigrants Germany
40%
Has the largest wine production Italy
40%
No matching quizzes found
Score Distribution
Percent of People with Each Score
Percentile by Number Answered
Your Score History
You have not taken this quiz